Konziliarismus

Saved in:
Bibliographic Details
Main Author: Miethke, Jürgen (Author)
Format: Chapter/Article
Language:German
Published: 2013
In: Handwörterbuch zur deutschen Rechtsgeschichte ; Band 3: Konfliktbewältigung-Nowgorod
Year: 2013, Pages: 165-172
Online Access: Get full text
Author Notes:Jürgen Miethke

MARC

LEADER 00000caa a22000002c 4500
001 1462314821
003 DE-627
005 20220811021618.0
007 tu
008 130815s2013 xx ||||| 00| ||ger c
035 |a (DE-627)1462314821 
035 |a (DE-576)392314827 
035 |a (DE-599)BSZ392314827 
035 |a (OCoLC)1340508338 
040 |a DE-627  |b ger  |c DE-627  |e rakwb 
041 |a ger 
084 |a 63  |2 sdnb 
100 1 |a Miethke, Jürgen  |d 1938-  |0 (DE-588)122500520  |0 (DE-627)08198149X  |0 (DE-576)162235895  |4 aut 
245 1 0 |a Konziliarismus  |c Jürgen Miethke 
264 1 |c 2013 
300 |a 8 
336 |a Text  |b txt  |2 rdacontent 
337 |a ohne Hilfsmittel zu benutzen  |b n  |2 rdamedia 
338 |a Band  |b nc  |2 rdacarrier 
773 0 8 |i In  |t Handwörterbuch zur deutschen Rechtsgeschichte ; Band 3: Konfliktbewältigung-Nowgorod  |b 2., völlig überarbeitete und erweiterte Auflage  |d Berlin : Erich Schmidt Verlag, 2016  |g (2013), Seite 165-172  |h XV Seiten, 2016 Spalten  |w (DE-627)1453387986  |w (DE-576)383387981  |z 9783503170111  |7 nnam  |a Konziliarismus 
773 1 8 |g year:2013  |g pages:165-172  |g extent:8  |a Konziliarismus 
951 |a AR 
992 |a 20130815 
993 |a BookComponentPart 
994 |a 2013 
998 |g 122500520  |a Miethke, Jürgen  |m 122500520:Miethke, Jürgen  |d 70000  |d 72000  |d 72020  |e 70000PM122500520  |e 72000PM122500520  |e 72020PM122500520  |k 0/70000/  |k 1/70000/72000/  |k 2/70000/72000/72020/  |p 1  |x j  |y j 
999 |a KXP-PPN1462314821  |e 2765792526 
BIB |a Y 
JSO |a {"person":[{"display":"Miethke, Jürgen","given":"Jürgen","role":"aut","family":"Miethke"}],"type":{"bibl":"chapter"},"origin":[{"dateIssuedDisp":"2013","dateIssuedKey":"2013"}],"title":[{"title_sort":"Konziliarismus","title":"Konziliarismus"}],"name":{"displayForm":["Jürgen Miethke"]},"physDesc":[{"extent":"8 S."}],"relHost":[{"relMultPart":[{"part":{"number":["Band 3"],"number_sort":["3,2"]},"language":["ger"],"person":[{"role":"edt","family":"Cordes","given":"Albrecht","display":"Cordes, Albrecht"},{"family":"Haferkamp","role":"edt","given":"Hans-Peter","display":"Haferkamp, Hans-Peter"},{"given":"Bernd","display":"Kannowski, Bernd","family":"Kannowski","role":"edt"},{"family":"Lück","role":"edt","given":"Heiner","display":"Lück, Heiner"},{"role":"edt","family":"Wall","given":"Heinrich de","display":"Wall, Heinrich de"},{"given":"Dieter","display":"Werkmüller, Dieter","family":"Werkmüller","role":"edt"},{"family":"Bertelsmeier-Kierst","role":"edt","given":"Christa","display":"Bertelsmeier-Kierst, Christa"}],"note":["Teilw. hrsg. von Albrecht Cordes, Heiner Lück, Dieter Werkmüller ","Später herausgegeben von Albrecht Cordes, Hans-Peter Haferkamp, Bernd Kannowski, Heiner Lück, Heinrich de Wall, Dieter Werkmüller und Christa Bertelsmeier-Kierst als philologischer Beraterin"],"titleAlt":[{"title":"HRG"}],"origin":[{"editionNo":"2","dateIssuedDisp":"2004-","publisher":"Schmidt","dateIssuedKey":"2004","publisherPlace":"Berlin","edition":"2., völlig überarb. und erw. Aufl."}],"recId":"1354878957","id":{"eki":["1354878957"],"isbn":["9783503079124","9783503079117"]},"ga":1,"type":{"bibl":"edited-book"},"title":[{"title":"Handwörterbuch zur deutschen Rechtsgeschichte","subtitle":"HRG","title_sort":"Handwörterbuch zur deutschen Rechtsgeschichte"}]}],"physDesc":[{"extent":"XV Seiten, 2016 Spalten"}],"recId":"1453387986","part":{"year":"2013","extent":"8","pages":"165-172","text":"(2013), Seite 165-172"},"language":["ger"],"id":{"eki":["1453387986"],"isbn":["9783503170111"]},"note":["Erschienen als Lieferung 17-24"],"type":{"bibl":"book"},"origin":[{"publisherPlace":"Berlin","edition":"2., völlig überarbeitete und erweiterte Auflage","editionNo":"2","dateIssuedDisp":"[2016]","publisher":"Erich Schmidt Verlag","dateIssuedKey":"2016"}],"disp":"KonziliarismusHandwörterbuch zur deutschen Rechtsgeschichte ; Band 3: Konfliktbewältigung-Nowgorod","title":[{"title":"Konfliktbewältigung-Nowgorod"}]}],"recId":"1462314821","language":["ger"],"id":{"eki":["1462314821"]}} 
SRT |a MIETHKEJUEKONZILIARI2013